ARRUPE JESUIT UNIVERSITY

CORONAVIRUS -STOP THE SPREAD - CLEAN,DISINFECT,COVER

Quantum man : (Record no. 122906)

MARC details
000 -LEADER
fixed length control field 01973cam a2200409 a 4500
001 - CONTROL NUMBER
control field 8542572
003 - CONTROL NUMBER IDENTIFIER
control field ARRUPE
005 - DATE AND TIME OF LATEST TRANSACTION
control field 20150715112740.0
008 - FIXED-LENGTH DATA ELEMENTS--GENERAL INFORMATION
fixed length control field 101124s2011 nyua b 001 0beng
010 ## - LIBRARY OF CONGRESS CONTROL NUMBER
LC control number 2010045512
020 ## - INTERNATIONAL STANDARD BOOK NUMBER
International Standard Book Number 9780393064711 (hbk.)
020 ## - INTERNATIONAL STANDARD BOOK NUMBER
International Standard Book Number 0393064719 (hbk.)
024 ## - OTHER STANDARD IDENTIFIER
Standard number or code 99942000627
035 ## - SYSTEM CONTROL NUMBER
System control number (OCoLC)ocn601108916
035 ## - SYSTEM CONTROL NUMBER
System control number (OCoLC)601108916
035 ## - SYSTEM CONTROL NUMBER
System control number (NNC)8542572
040 ## - CATALOGING SOURCE
Original cataloging agency DLC
Transcribing agency DLC
Modifying agency IG#
-- BTCTA
-- YDXCP
-- BIB
-- LIV
-- IK2
-- ABG
043 ## - GEOGRAPHIC AREA CODE
Geographic area code n-us---
050 00 - LIBRARY OF CONGRESS CALL NUMBER
Classification number QC16.F49
Item number K73 2011
082 00 - DEWEY DECIMAL CLASSIFICATION NUMBER
Classification number 530.092
-- B
Edition number 22
300 ## - PHYSICAL DESCRIPTION
Other physical details ill. ;
Dimensions 21 cm.
100 1# - MAIN ENTRY--PERSONAL NAME
Personal name Krauss, Lawrence Maxwell.
9 (RLIN) 18069
245 10 - TITLE STATEMENT
Title Quantum man :
Remainder of title Richard Feynman's life in science /
Statement of responsibility, etc Lawrence M. Krauss.
250 ## - EDITION STATEMENT
Edition statement 1st ed.
260 ## - PUBLICATION, DISTRIBUTION, ETC. (IMPRINT)
Place of publication, distribution, etc New York :
Name of publisher, distributor, etc Atlas & Co. :
-- W.W. Norton,
Date of publication, distribution, etc c2011.
300 ## - PHYSICAL DESCRIPTION
Extent xvii, 350 p. :
490 1# - SERIES STATEMENT
Series statement Great discoveries
500 ## - GENERAL NOTE
General note "Atlas Books."
504 ## - BIBLIOGRAPHY, ETC. NOTE
Bibliography, etc Includes bibliographical references and index.
505 0# - FORMATTED CONTENTS NOTE
Formatted contents note The paths to greatness. Lights, camera, action ; The quantum universe ; A new way of thinking ; Alice in Quantumland ; Endings and beginnings ; Loss of innocence ; Paths to greatness ; From here to infinity ; Splitting an atom ; Through a glass darkly -- The rest of the universe. Matter of the heart and the heart of matter ; Rearranging the universe ; Hiding in the mirror ; Distractions and delights ; Twisting the tail of the cosmos ; From top to bottom ; Truth, beauty, and freedom -- Character is destiny.
520 ## - SUMMARY, ETC.
Summary, etc Traces the colorful, turbulent life of the Nobel Prize-winning physicist, from the death of his childhood sweetheart during the Manhattan Project to his rise as an icon in the scientific community.
600 10 - SUBJECT ADDED ENTRY--PERSONAL NAME
Personal name Feynman, Richard P.
Fuller form of name (Richard Phillips),
Dates associated with a name 1918-1988.
9 (RLIN) 13896
650 #0 - SUBJECT ADDED ENTRY--TOPICAL TERM
Topical term or geographic name as entry element Physicists
Geographic subdivision United States
Form subdivision Biography.
9 (RLIN) 18070
830 #0 - SERIES ADDED ENTRY--UNIFORM TITLE
Uniform title Great discoveries.
9 (RLIN) 18071
942 ## - ADDED ENTRY ELEMENTS (KOHA)
Source of classification or shelving scheme Library of Congress Classification
Koha item type Monograph ( Printed materials)
948 1# - LOCAL PROCESSING INFORMATION (OCLC); SERIES PART DESIGNATOR (RLIN)
Series part designator, SPT (RLIN) 20110329
b (OCLC) c
c (OCLC) vt2130
d (OCLC) MPS
Holdings
Withdrawn status Lost status Source of classification or shelving scheme Damaged status Not for loan Collection code Home library Current library Shelving location Date acquired Total Checkouts Full call number Barcode Date last seen Price effective from Koha item type
    Library of Congress Classification     Main Collection ARRUPE LIBRARY ARRUPE LIBRARY Main Collection 15/07/2015   QC16.F49K73 2011 46500004567 02/07/2019 15/07/2015 Monograph ( Printed materials)

 

Arrupe Library. PO Box MP320 Mt Pleasant, Harare, Zimbabwe
263 242 745411|librarian@aju.ac.zw